[Event "Skakligaen 2025-26"]
[Site "Denmark"]
[Date "2026.01.25"]
[Round "6.8"]
[White "Friis, Carsten Bank"]
[Black "Simonsen, Jesper"]
[Result "1-0"]
[WhiteElo "2152"]
[BlackElo "2093"]
[EventDate "2025.11.01"]
[EventType "team-tourn"]
[EventRounds "9"]
[EventCountry "DEN"]
[SourceTitle "Holdskaksystemet"]
[WhiteTeam "Fredericia"]
[BlackTeam "BMS"]
[WhiteTeamCountry "DEN"]
[BlackTeamCountry "DEN"]

1. d4 d5 2. c4 e6 3. Nc3 c6 4. cxd5 exd5 5. Nf3 Nf6 6. Bg5 Nbd7 7. e3 Be7 8. Qc2 O-O 9. Bd3 Re8 10. O-O Nf8 11. Rab1 Ne4 12. Bxe7 Qxe7 13. b4 Ng6 14. b5 Bg4 15. Bxe4 dxe4 16. Nd2 Bf5 17. bxc6 bxc6 18. Ne2 Qg5 19. Ng3 Nh4 20. Qxc6 Rac8 21. Qb5 Qg4 22. h3 Qg6 23. Rfc1 Rcd8 24. Rc5 Bd7 25. Qe2 f5 26. Nc4 f4 27. exf4 e3 28. Rf1 Bf5 29. Ne5 Rxe5 30. Rxe5 Bd3 31. Qxe3 Bxf1 32. Qb3+ Qf7 33. Nxf1 Qxb3 34. axb3 Rxd4 35. Re8+ Kf7 36. Ra8 Rd7 37. Ne3 Rb7 38. g3 Nf3+ 39. Kg2 Ne1+ 40. Kf1 Nd3 41. Nc4 Rxb3 42. Rxa7+ Kf6 43. Ra6+ Ke7 44. Ra3 Rxa3 45. Nxa3 Kf6 46. Ke2 Nb4 47. Nc4 Nc6 48. Ke3 Ne7 49. Ke4 g6 50. g4 h6 51. Ne3 Nc8 52. f5 Nd6+ 53. Kd5 Nc8 54. fxg6 Ne7+ 55. Ke4 Nxg6 56. f4 Nf8 57. Nf5 Kg6 58. h4 Nd7 59. h5+ Kh7 60. Kd4 Nf8 61. Kd5 Nd7 62. Kd6 Nb6 63. g5 hxg5 64. fxg5 Nc4+ 65. Ke6 Nd2 66. Kf7 1-0

[Event "Skakligaen 2025-26"]
[Site "Denmark"]
[Date "2026.01.25"]
[Round "6.1"]
[White "Hansen, Curt"]
[Black "Hector, Jonny"]
[Result "1/2-1/2"]
[WhiteElo "2590"]
[BlackElo "2423"]
[EventDate "2025.11.01"]
[EventType "team-tourn"]
[EventRounds "9"]
[EventCountry "DEN"]
[SourceTitle "Holdskaksystemet"]
[WhiteTeam "Frem"]
[BlackTeam "Nordkalotten"]
[WhiteTeamCountry "DEN"]
[BlackTeamCountry "DEN"]

1. Nf3 d5 2. g3 Nc6 3. d4 Bf5 4. Bg2 Nb4 5. Na3 e6 6. O-O Be7 7. c3 Nc6 8. Qb3 Bxa3 9. Qxa3 Be4 10. Qb3 b6 11. c4 Nge7 12. Rd1 O-O 13. cxd5 exd5 14. Bf4 Ng6 15. Be3 Na5 16. Qc3 Nc4 17. b3 Nxe3 18. Qxe3 Re8 19. Qc3 Bxf3 20. Bxf3 Re6 21. Rac1 c6 22. Qd3 Ne7 23. b4 1/2-1/2

[Event "Skakligaen 2025-26"]
[Site "Denmark"]
[Date "2026.01.25"]
[Round "6.2"]
[White "Jepson, Christian"]
[Black "Rasmussen, Allan Stig"]
[Result "1/2-1/2"]
[WhiteElo "2398"]
[BlackElo "2491"]
[EventDate "2025.11.01"]
[EventType "team-tourn"]
[EventRounds "9"]
[EventCountry "DEN"]
[SourceTitle "Holdskaksystemet"]
[WhiteTeam "Nordkalotten"]
[BlackTeam "Frem"]
[WhiteTeamCountry "DEN"]
[BlackTeamCountry "DEN"]

1. Nf3 d6 2. d4 f5 3. g3 Nf6 4. Bg2 g6 5. O-O Bg7 6. c4 O-O 7. Nc3 c6 8. Qb3 h6 9. Re1 g5 10. e4 fxe4 11. Nxe4 Nxe4 12. Rxe4 Bf5 13. Re2 Qd7 14. Bd2 Na6 15. Rae1 Rf7 16. Bxg5 hxg5 17. Nxg5 Raf8 18. Nxf7 Rxf7 19. Qe3 Nb4 20. Qg5 Kf8 21. a3 Bf6 22. Qh6+ Bg7 23. Qg5 Bf6 24. Qh6+ Bg7 25. Qg5 1/2-1/2

[Event "Skakligaen 2025-26"]
[Site "Denmark"]
[Date "2026.01.25"]
[Round "6.3"]
[White "Loftgaard, Mikkel Vinh"]
[Black "Brynell, Stellan"]
[Result "1/2-1/2"]
[WhiteElo "2300"]
[BlackElo "2369"]
[EventDate "2025.11.01"]
[EventType "team-tourn"]
[EventRounds "9"]
[EventCountry "DEN"]
[SourceTitle "Holdskaksystemet"]
[WhiteTeam "Frem"]
[BlackTeam "Nordkalotten"]
[WhiteTeamCountry "DEN"]
[BlackTeamCountry "DEN"]

1. e4 e6 2. d4 d5 3. Nc3 Nf6 4. Bg5 dxe4 5. Nxe4 Be7 6. Nxf6+ Bxf6 7. Be3 c5 8. Bb5+ Bd7 9. Bxd7+ Qxd7 10. Ne2 cxd4 11. Bxd4 Bxd4 12. Qxd4 Qxd4 13. Nxd4 Ke7 14. O-O-O Rd8 15. Rhe1 g6 16. f4 Nd7 17. f5 e5 18. g4 g5 19. Nb5 f6 20. Nc7 Rac8 21. Ne6 Rh8 22. h4 gxh4 23. Rh1 h5 24. Rxh4 hxg4 25. Rxg4 Rhg8 26. Rh4 Rh8 27. Rg4 Rhg8 28. Rh4 1/2-1/2

[Event "Skakligaen 2025-26"]
[Site "Denmark"]
[Date "2026.01.25"]
[Round "6.4"]
[White "Sylvan, Jacob"]
[Black "Le Besq, Alexander"]
[Result "1-0"]
[WhiteElo "2306"]
[BlackElo "2282"]
[EventDate "2025.11.01"]
[EventType "team-tourn"]
[EventRounds "9"]
[EventCountry "DEN"]
[SourceTitle "Holdskaksystemet"]
[WhiteTeam "Nordkalotten"]
[BlackTeam "Frem"]
[WhiteTeamCountry "DEN"]
[BlackTeamCountry "DEN"]

1. Nf3 Nf6 2. g3 g6 3. Bg2 Bg7 4. c4 c5 5. O-O O-O 6. d4 d5 7. cxd5 cxd4 8. Qxd4 Qxd5 9. Nc3 Qxd4 10. Nxd4 Rd8 11. Ndb5 Nc6 12. Be3 Bd7 13. Rfd1 Ne8 14. Rac1 a6 15. Nd4 Kf8 16. Nb3 Nd6 17. Nc5 Be8 18. b3 Nf5 19. Nxb7 Rdb8 20. Nc5 Nxe3 21. fxe3 Rc8 22. N3a4 Ra7 23. Nd3 Bh6 24. Kf2 Rac7 25. Nac5 Ne5 26. Nxe5 Rxc5 27. Rxc5 Rxc5 28. Nd3 Rf5+ 29. Bf3 Rb5 30. Rc1 Bg7 31. Rc8 Rb6 32. Nc5 Rd6 33. Bc6 Rxc6 34. Nd7+ Kg8 35. Rxe8+ Bf8 36. Rxf8+ Kg7 37. Ra8 1-0

[Event "Skakligaen 2025-26"]
[Site "Denmark"]
[Date "2026.01.25"]
[Round "6.5"]
[White "Jensen, Tobias Ilsoe"]
[Black "Kristensen, Kaare Hove"]
[Result "1-0"]
[WhiteElo "2178"]
[BlackElo "2265"]
[EventDate "2025.11.01"]
[EventType "team-tourn"]
[EventRounds "9"]
[EventCountry "DEN"]
[SourceTitle "Holdskaksystemet"]
[WhiteTeam "Frem"]
[BlackTeam "Nordkalotten"]
[WhiteTeamCountry "DEN"]
[BlackTeamCountry "DEN"]

1. d4 Nf6 2. c4 c6 3. Nc3 d5 4. cxd5 cxd5 5. Bf4 Nc6 6. e3 a6 7. Bd3 e6 8. Rc1 Be7 9. h3 Bd7 10. Nf3 Rc8 11. O-O O-O 12. Na4 Nxd4 13. exd4 Rxc1 14. Bxc1 Qa5 15. b3 Rc8 16. Bd2 Qd8 17. b4 Ne4 18. Nc5 Nxc5 19. bxc5 Bc6 20. Ne5 Bf6 21. Re1 g6 22. Qb3 Qe7 23. Bf4 Kg7 24. Nxc6 Rxc6 25. Bd6 Qd7 26. Be5 Bxe5 27. Rxe5 Qc7 28. Re1 b6 29. cxb6 Rxb6 30. Qc2 Qxc2 31. Bxc2 Rb2 32. Bb3 a5 33. Ra1 Rd2 34. Rd1 Rb2 35. Rd3 a4 36. Bxa4 Rxa2 37. Bb3 Ra1+ 38. Kh2 h5 39. Kg3 Rb1 40. Kf4 Rb2 41. Ke3 Rb1 42. Bd1 Ra1 43. Be2 Ra2 44. Rb3 Ra1 45. Rb7 Ra3+ 46. Bd3 Kf8 47. h4 Kg7 48. g3 Kf8 49. Rb2 Kg7 50. Rd2 Kf6 51. f3 Ra1 52. Kf2 Ra4 53. Be2 Kf5 54. Bd1 Rb4 55. Ke3 Kf6 56. g4 hxg4 57. fxg4 Rc4 58. Be2 Rb4 59. Rd1 Rb3+ 60. Bd3 Kg7 61. Kf4 Rb4 62. Ke3 Rb3 63. Rf1 Rb2 64. Kf4 Rb4 65. Ke5 Rb2 66. Rf4 Rh2 67. g5 Rb2 68. Kd6 Rb3 69. Bf1 Rb4 70. Kc5 Rb7 71. Bb5 Kf8 72. Bc6 Ra7 73. Kd6 Ra6 74. Rf6 Ra7 75. h5 gxh5 76. g6 h4 77. Rxf7+ Rxf7 78. gxf7 h3 79. Kxe6 h2 80. Bxd5 1-0

[Event "Skakligaen 2025-26"]
[Site "Denmark"]
[Date "2026.01.25"]
[Round "6.6"]
[White "Hove, Esben Kjems"]
[Black "Nilssen, Ellen Fredericia"]
[Result "1/2-1/2"]
[WhiteElo "2239"]
[BlackElo "2153"]
[EventDate "2025.11.01"]
[EventType "team-tourn"]
[EventRounds "9"]
[EventCountry "DEN"]
[SourceTitle "Holdskaksystemet"]
[WhiteTeam "Nordkalotten"]
[BlackTeam "Frem"]
[WhiteTeamCountry "DEN"]
[BlackTeamCountry "DEN"]

1. d4 d5 2. Nf3 Nf6 3. e3 a6 4. Bd3 c5 5. b3 cxd4 6. exd4 Bg4 7. h3 Bh5 8. g4 Bg6 9. Ne5 e6 10. Be3 Nc6 11. c3 Nxe5 12. dxe5 Nd7 13. Bd4 Qg5 14. Qd2 Nxe5 15. Qxg5 Nf3+ 16. Ke2 Nxg5 17. Nd2 f6 18. f4 Bxd3+ 19. Kxd3 Nf7 20. Rhe1 Kd7 21. c4 Bd6 22. cxd5 exd5 23. Be3 h5 24. Nf3 hxg4 25. hxg4 Rh3 26. Ke2 Nh6 27. Rg1 Re8 28. Kf2 f5 29. gxf5 Nxf5 30. Ba7 Bxf4 31. Rg4 Be3+ 32. Bxe3 Nxe3 33. Rxg7+ Kd6 34. Rxb7 Rf8 35. Kxe3 Rhxf3+ 36. Kd2 Rf2+ 37. Kc3 a5 38. Rd1 Rxa2 39. Rb5 Rf3+ 40. Kd4 Rf4+ 41. Kc3 Rf3+ 42. Kd4 Rf4+ 43. Kc3 Rf5 44. Kd4 Rf4+ 1/2-1/2

[Event "Skakligaen 2025-26"]
[Site "Denmark"]
[Date "2026.01.25"]
[Round "6.7"]
[White "Andries, Alf"]
[Black "Ejsing, Esben"]
[Result "0-1"]
[WhiteElo "2089"]
[BlackElo "2136"]
[EventDate "2025.11.01"]
[EventType "team-tourn"]
[EventRounds "9"]
[EventCountry "DEN"]
[SourceTitle "Holdskaksystemet"]
[WhiteTeam "Frem"]
[BlackTeam "Nordkalotten"]
[WhiteTeamCountry "DEN"]
[BlackTeamCountry "DEN"]

1. e4 g6 2. d4 Bg7 3. Nc3 c6 4. Bc4 d6 5. Nf3 Nf6 6. a4 O-O 7. Qe2 d5 8. Bb3 Bg4 9. exd5 cxd5 10. h3 Bxf3 11. Qxf3 Nc6 12. Be3 e6 13. Qe2 Ne8 14. Rd1 Na5 15. Ba2 Nd6 16. O-O a6 17. Nb1 Nac4 18. Bxc4 Nxc4 19. Bc1 Qb6 20. b3 Nd6 21. Ba3 Rfc8 22. Bxd6 Qxd6 23. c3 Qb6 24. Qb2 Qa5 25. Rfe1 Rc6 26. Re3 Rac8 27. g3 b5 28. axb5 Qxb5 29. b4 a5 30. Re2 axb4 31. Na3 Qa4 32. Nc2 bxc3 33. Qc1 Rc4 34. Qe3 Rb8 35. Rd3 Qa5 36. Re1 Rbc8 37. Rb1 Qa2 38. Qc1 Qa7 39. Qd1 Rb8 40. Ra1 Qc7 41. Qe1 Bh6 42. Ra3 Bd2 43. Qe2 Qb7 44. Ra1 Ra8 45. Qd1 Rxa1 46. Qxa1 Qb2 0-1

[Event "Skakligaen 2025-26"]
[Site "Denmark"]
[Date "2026.01.25"]
[Round "6.8"]
[White "Nielsen, Lars Aaes"]
[Black "Wilbrandt, Simon Pil"]
[Result "1-0"]
[WhiteElo "2182"]
[BlackElo "2094"]
[EventDate "2025.11.01"]
[EventType "team-tourn"]
[EventRounds "9"]
[EventCountry "DEN"]
[SourceTitle "Holdskaksystemet"]
[WhiteTeam "Nordkalotten"]
[BlackTeam "Frem"]
[WhiteTeamCountry "DEN"]
[BlackTeamCountry "DEN"]

1. e4 c5 2. c3 Nf6 3. e5 Nd5 4. Nf3 e6 5. d4 cxd4 6. cxd4 b6 7. Bd2 Bb7 8. Nc3 Nxc3 9. Bxc3 Be7 10. Bc4 Ba6 11. Qe2 Qc8 12. Bxa6 Qxa6 13. Qe4 Nc6 14. d5 exd5 15. Qxd5 O-O 16. O-O-O b5 17. Kb1 b4 18. Bd4 Rab8 19. b3 Rb5 20. Qc4 Qb7 21. Bb2 a5 22. Qg4 Nd8 23. Rxd7 Qc8 24. e6 Nxe6 25. Rxe7 h5 26. Qg3 Rb7 27. Rxb7 Qxb7 28. Qe5 a4 29. bxa4 b3 30. axb3 Qxb3 31. Qc3 Qb7 32. Rc1 Rb8 33. Rc2 Qe4 34. a5 Rd8 35. Qc4 Rd1+ 36. Ka2 Qf5 37. Ne5 f6 38. Nc6 Kh7 39. Ba3 Nc7 40. Ne7 Qe5 41. Qg8+ Kh6 42. Qh8+ 1-0

[Event "Skakligaen 2025-26"]
[Site "Denmark"]
[Date "2026.01.25"]
[Round "6.1"]
[White "Rozentalis, Eduardas"]
[Black "Andersen, Mads"]
[Result "1-0"]
[WhiteElo "2459"]
[BlackElo "2550"]
[EventDate "2025.11.01"]
[EventType "team-tourn"]
[EventRounds "9"]
[EventCountry "DEN"]
[SourceTitle "Holdskaksystemet"]
[WhiteTeam "Koge"]
[BlackTeam "Skanderborg"]
[WhiteTeamCountry "DEN"]
[BlackTeamCountry "DEN"]

1. e4 c5 2. Nf3 d6 3. Bb5+ Nd7 4. d4 cxd4 5. Qxd4 a6 6. Bxd7+ Bxd7 7. c4 Nf6 8. Bg5 e6 9. Nc3 Bc6 10. O-O Be7 11. Rad1 O-O 12. Rfe1 Qa5 13. Qd2 Kh8 14. Nd5 Qxd2 15. Rxd2 Bd8 16. Nxf6 gxf6 17. Bh4 Be7 18. e5 dxe5 19. Nxe5 Rad8 20. Rxd8 Bxd8 21. Nxc6 bxc6 22. Rd1 Be7 23. Kf1 Rd8 24. Rxd8+ Bxd8 25. b4 Kg7 26. Ke2 Be7 27. c5 Bd8 28. Kd3 Bc7 29. a4 Kg6 30. Kc4 Kf5 31. Bg3 e5 32. b5 axb5+ 33. axb5 cxb5+ 34. Kxb5 Ke6 35. Kc6 Ba5 36. Kb7 f5 37. f3 e4 38. Bf4 Kd5 39. c6 Kd4 40. c7 Bxc7 41. Kxc7 h5 42. h4 e3 43. Kd6 Kd3 44. Ke5 1-0

[Event "Skakligaen 2025-26"]
[Site "Denmark"]
[Date "2026.01.25"]
[Round "6.2"]
[White "Olsen, Filip Boe"]
[Black "Sorensen, Hampus"]
[Result "1/2-1/2"]
[WhiteElo "2454"]
[BlackElo "2454"]
[EventDate "2025.11.01"]
[EventType "team-tourn"]
[EventRounds "9"]
[EventCountry "DEN"]
[SourceTitle "Holdskaksystemet"]
[WhiteTeam "Skanderborg"]
[BlackTeam "Koge"]
[WhiteTeamCountry "DEN"]
[BlackTeamCountry "DEN"]

1. e4 e5 2. Nf3 Nc6 3. Bc4 Nf6 4. d3 Bc5 5. Nc3 h6 6. O-O d6 7. Na4 Bb6 8. a3 O-O 9. h3 Qe8 10. c3 Ne7 11. b4 Ng6 12. Nxb6 axb6 13. a4 Nh5 14. Kh2 Nhf4 15. Ng1 Qd7 16. Bb3 d5 17. exd5 Nxd5 18. Bd2 Ndf4 19. d4 exd4 20. Bxf4 Nxf4 21. Qxd4 Qxd4 22. cxd4 Be6 23. Bxe6 Nxe6 24. Ne2 Rfd8 25. Rfd1 c6 26. a5 bxa5 27. Rxa5 Rxa5 28. bxa5 Rd5 29. Ra1 Nxd4 30. Nxd4 Rxd4 31. a6 bxa6 32. Rxa6 Rc4 33. Ra8+ Kh7 34. Ra7 Kg6 35. Kg3 h5 36. h4 Kf6 37. Rc7 Ke6 38. Kf3 g6 39. Ke3 Rc2 40. g3 f6 41. Ke4 Rc4+ 42. Kd3 Rc1 43. Ke4 Kd6 44. Rg7 Rc4+ 45. Kf3 Rg4 46. Kg2 Ke6 47. f3 Rb4 48. Rxg6 Rb2+ 49. Kf1 Rb1+ 1/2-1/2

[Event "Skakligaen 2025-26"]
[Site "Denmark"]
[Date "2026.01.25"]
[Round "6.3"]
[White "Pantzar, Milton"]
[Black "Pajeken, Jakob Leon"]
[Result "0-1"]
[WhiteElo "2421"]
[BlackElo "2455"]
[EventDate "2025.11.01"]
[EventType "team-tourn"]
[EventRounds "9"]
[EventCountry "DEN"]
[SourceTitle "Holdskaksystemet"]
[WhiteTeam "Koge"]
[BlackTeam "Skanderborg"]
[WhiteTeamCountry "DEN"]
[BlackTeamCountry "DEN"]

1. Nf3 Nf6 2. d4 e6 3. e3 d5 4. Nbd2 Nbd7 5. Bd3 b6 6. O-O Bb7 7. b3 Be7 8. Bb2 O-O 9. Rc1 c5 10. Qe2 Ne4 11. Rfd1 f5 12. c4 Bf6 13. cxd5 exd5 14. Ba6 Qc8 15. Bxb7 Qxb7 16. Nb1 Rfe8 17. dxc5 bxc5 18. Nc3 Bxc3 19. Bxc3 f4 20. Qd3 fxe3 21. fxe3 Nb6 22. Ba1 Rad8 23. Nd2 Nxd2 24. Qxd2 Qe7 25. Re1 Rc8 26. a4 Red8 27. a5 Na8 28. b4 cxb4 29. Rxc8 Rxc8 30. Qxd5+ Kh8 31. Bd4 a6 32. Rf1 h6 33. h3 Nc7 34. Qb7 Rd8 35. Rb1 Rd5 36. Qc6 Rd6 37. Qb7 Rd5 38. Bb6 Qe4 39. Rf1 Ne6 40. Qc8+ Kh7 41. Qc1 b3 42. Qb2 Rd3 43. Kh2 Qd5 44. Qf2 Nc5 45. Bxc5 Qxc5 46. Qf4 Rxe3 47. Rb1 Qc2 48. Rf1 Re2 49. Qf3 Qe4 50. Qxe4+ Rxe4 51. Rb1 Rb4 52. Rb2 Kg6 53. Kg3 Kf5 54. Kf3 Ke5 55. Ke3 Kd5 56. Kd2 Kc4 57. Kc1 Ra4 58. Kb1 Ra2 59. Rxa2 bxa2+ 60. Kxa2 Kb4 61. g4 g5 62. Kb2 Kxa5 63. Ka3 Kb5 64. Kb3 Kc5 0-1

[Event "Skakligaen 2025-26"]
[Site "Denmark"]
[Date "2026.01.25"]
[Round "6.4"]
[White "Pedersen, Nicolai Vesterbaek"]
[Black "Smith, Axel"]
[Result "0-1"]
[WhiteElo "2355"]
[BlackElo "2430"]
[EventDate "2025.11.01"]
[EventType "team-tourn"]
[EventRounds "9"]
[EventCountry "DEN"]
[SourceTitle "Holdskaksystemet"]
[WhiteTeam "Skanderborg"]
[BlackTeam "Koge"]
[WhiteTeamCountry "DEN"]
[BlackTeamCountry "DEN"]

1. e4 c5 2. Nf3 g6 3. Bc4 Bg7 4. d4 cxd4 5. c3 e6 6. Nxd4 d5 7. exd5 exd5 8. Bb5+ Bd7 9. O-O Ne7 10. Re1 O-O 11. Bg5 Re8 12. Qe2 Bxb5 13. Qxb5 Nbc6 14. Qxb7 Rb8 15. Qa6 Nxd4 16. cxd4 Bxd4 17. Nd2 Qd7 18. Nf3 Bxb2 19. Rad1 Bg7 20. Bxe7 Rxe7 21. Rxe7 Qxe7 22. Qc6 Qe6 23. Qc5 Qd7 24. h3 d4 25. Re1 d3 26. Qe3 Rd8 27. Rd1 Bc3 28. Ng5 Bd4 29. Qg3 Qf5 30. Nf3 Bb6 31. Qe5 Qxe5 32. Nxe5 d2 33. Nc4 Rc8 34. Nxd2 Rc2 35. a3 Ra2 36. Ne4 Rxa3 37. Rd7 Ra4 38. Nf6+ Kg7 39. Ng4 Ra1+ 40. Kh2 Rc1 41. Ne5 Kf6 42. f4 Rc7 43. Rd3 Kf5 44. Kg3 f6 45. Nf3 Rc2 46. Nd2 Bc7 47. Kf3 Bxf4 48. Ne4 Be5 49. Ra3 Rc7 50. Ra6 g5 51. g4+ Kg6 52. Ke3 Rd7 53. Ke2 Re7 54. Kd3 Rd7+ 55. Ke2 Rf7 56. Kd3 h5 57. Nc5 hxg4 58. hxg4 Rh7 59. Ke4 Rh4 60. Kf3 Rh3+ 61. Kf2 Bd4+ 62. Kg2 Rh4 63. Nd7 Rxg4+ 64. Kf3 Rf4+ 65. Kg3 Bf2+ 66. Kg2 Bb6 67. Ra2 Rd4 0-1

[Event "Skakligaen 2025-26"]
[Site "Denmark"]
[Date "2026.01.25"]
[Round "6.5"]
[White "Jorgensen, Brian"]
[Black "Holinka, Henning"]
[Result "0-1"]
[WhiteElo "2241"]
[BlackElo "2340"]
[EventDate "2025.11.01"]
[EventType "team-tourn"]
[EventRounds "9"]
[EventCountry "DEN"]
[SourceTitle "Holdskaksystemet"]
[WhiteTeam "Koge"]
[BlackTeam "Skanderborg"]
[WhiteTeamCountry "DEN"]
[BlackTeamCountry "DEN"]

1. d4 d5 2. c4 e6 3. Nc3 a6 4. e3 Nf6 5. Nf3 dxc4 6. Bxc4 b5 7. Bd3 Bb7 8. O-O c5 9. Qe2 Nbd7 10. Rd1 Rc8 11. a3 Qc7 12. Bd2 Qb8 13. Rac1 cxd4 14. exd4 Bd6 15. Ne4 Nxe4 16. Bxe4 O-O 17. Rxc8 Qxc8 18. Rc1 Qa8 19. Bxb7 Qxb7 20. Qd3 Rc8 21. Rxc8+ Qxc8 22. Ng5 Nf6 23. Ne4 Nxe4 24. Qxe4 f5 25. Qd3 Qc6 26. Qc3 Qc4 27. g3 Kf7 28. Qe3 Qc6 29. Bc3 Be7 30. f3 Qd5 31. Kg2 Bf6 32. h3 Qb3 33. Qd2 Qd5 34. g4 h6 35. Qf4 Kg6 36. h4 fxg4 37. Qxg4+ Kf7 38. Kg3 Qc4 39. Qe4 Qf1 40. Qb7+ Kg6 41. Qe4+ Kf7 42. Qb7+ Be7 43. Qe4 Bd6+ 44. f4 Qg1+ 45. Kh3 h5 46. Qf3 Qg6 47. Bd2 Qf5+ 48. Kg3 Be7 49. Be1 Kg6 50. Kh2 Bf6 51. Qg2+ Kh7 52. Qf2 Qg4 53. Kh1 Qd1 54. Kg2 Bxd4 0-1

[Event "Skakligaen 2025-26"]
[Site "Denmark"]
[Date "2026.01.25"]
[Round "6.6"]
[White "Medhus, Vitus Bondo"]
[Black "Meskenas, Paulius"]
[Result "1-0"]
[WhiteElo "2392"]
[BlackElo "2205"]
[EventDate "2025.11.01"]
[EventType "team-tourn"]
[EventRounds "9"]
[EventCountry "DEN"]
[SourceTitle "Holdskaksystemet"]
[WhiteTeam "Skanderborg"]
[BlackTeam "Koge"]
[WhiteTeamCountry "DEN"]
[BlackTeamCountry "DEN"]

1. e4 g6 2. Nc3 Bg7 3. d4 d6 4. Nf3 Nf6 5. Be2 Nc6 6. h3 O-O 7. Bg5 h6 8. Be3 e5 9. d5 Ne7 10. Qd2 Kh7 11. O-O-O Nfg8 12. g4 f5 13. exf5 gxf5 14. Nh4 f4 15. Qd3+ Kh8 16. Bd2 Bf6 17. Ng6+ Nxg6 18. Qxg6 Bd7 19. h4 Be8 20. Qe4 Bxh4 21. Bd3 Rf7 22. Rh3 Bxf2 23. Rdh1 Rg7 24. Ne2 Be3 25. Bxe3 fxe3 26. Qf5 Qg5 27. Qf8 h5 28. Rxh5+ Bxh5 29. Qxa8 Qxg4 30. b3 e4 31. Bc4 Rh7 32. Rg1 1-0

[Event "Skakligaen 2025-26"]
[Site "Denmark"]
[Date "2026.01.25"]
[Round "6.7"]
[White "Henriksen, Kasper"]
[Black "Brondt, Nicolai Kvist"]
[Result "0-1"]
[WhiteElo "2112"]
[BlackElo "2225"]
[EventDate "2025.11.01"]
[EventType "team-tourn"]
[EventRounds "9"]
[EventCountry "DEN"]
[SourceTitle "Holdskaksystemet"]
[WhiteTeam "Koge"]
[BlackTeam "Skanderborg"]
[WhiteTeamCountry "DEN"]
[BlackTeamCountry "DEN"]

1. d4 Nf6 2. c4 c6 3. Nf3 d5 4. cxd5 cxd5 5. Nc3 Qb6 6. Qb3 Qxb3 7. axb3 Bd7 8. Bf4 Nc6 9. e3 e6 10. h3 Be7 11. Nd2 O-O 12. Be2 Rfc8 13. O-O Ne8 14. Rfc1 Bd6 15. Bxd6 Nxd6 16. Na4 Kf8 17. Nc5 Ke7 18. Rc3 Nb4 19. Nxd7 Kxd7 20. Ra4 Nc6 21. Ra1 f6 22. Rac1 g6 23. h4 h6 24. g3 g5 25. hxg5 hxg5 26. Kg2 Nb4 27. Rxc8 Rxc8 28. Rxc8 Kxc8 29. Kf3 f5 30. g4 Ne4 31. Nxe4 fxe4+ 32. Kg3 Kc7 33. f4 exf3 34. Kxf3 Kd6 35. Bf1 Nc2 36. Be2 e5 37. Bd1 Nb4 38. Ke2 e4 39. Kd2 Kc6 40. Be2 Kb6 41. Kc3 Ka5 42. Bf1 Nc6 43. Be2 Ne7 44. b4+ Kb6 45. Kb3 Ng6 46. Kc3 Nh4 47. Bf1 Ng6 48. Be2 Nf8 49. Bd1 Ne6 50. Bb3 Nc7 51. Bd1 Nb5+ 52. Kb3 Kc6 53. Be2 Nd6 54. Kc3 Kb6 55. Bf1 a5 56. Kb3 Nf7 57. Ka4 axb4 58. Kxb4 Nh8 59. Be2 Ng6 60. Bf1 Nh4 61. Kc3 Ka5 62. Kb3 Nf3 63. Kc3 Ka4 64. Be2 Nh4 65. Bf1 Ng6 66. Be2 Ne7 67. Bd1+ Ka5 68. Bb3 Kb5 69. Bd1 Nc6 70. Be2+ Kb6 71. Kb3 Na5+ 72. Kc3 Nc6 73. Kb3 Ka5 74. Kc3 b5 75. Kb3 Kb6 76. Bf1 Na5+ 77. Kb4 Nc6+ 78. Kb3 Nb8 79. Kb4 Na6+ 80. Kb3 Ka5 81. Ka3 Nc7 82. b4+ Kb6 83. Kb3 Ne8 84. Kc3 Nd6 85. Kd2 Nc4+ 86. Ke2 Kc6 87. Bg2 Nb2 88. Kd2 Nd3 89. Kc3 Nf2 0-1

[Event "Skakligaen 2025-26"]
[Site "Denmark"]
[Date "2026.01.25"]
[Round "6.8"]
[White "Zander, Emil"]
[Black "Li, Anna Sofie"]
[Result "0-1"]
[WhiteElo "2147"]
[BlackElo "2094"]
[EventDate "2025.11.01"]
[EventType "team-tourn"]
[EventRounds "9"]
[EventCountry "DEN"]
[SourceTitle "Holdskaksystemet"]
[WhiteTeam "Skanderborg"]
[BlackTeam "Koge"]
[WhiteTeamCountry "DEN"]
[BlackTeamCountry "DEN"]

1. e4 e5 2. Nc3 Nf6 3. g3 Nc6 4. Bg2 Bc5 5. Nge2 a6 6. O-O d6 7. d3 Be6 8. h3 Qd7 9. Kh2 h5 10. Nd5 Nh7 11. c3 Ba7 12. Ne3 Ne7 13. f4 f6 14. d4 O-O-O 15. d5 Bf7 16. fxe5 dxe5 17. c4 Kb8 18. b4 g6 19. c5 Qe8 20. Bb2 f5 21. Qc2 fxe4 22. Bxe5 Nxd5 23. Nc4 Nxb4 24. Qxe4 Bd5 25. Bxc7+ Kxc7 26. Qf4+ Kc8 27. Nb6+ Bxb6 28. cxb6 Qe7 29. Rac1+ Nc6 30. Bxd5 Rxd5 31. Nd4 Qd6 32. Nxc6 bxc6 33. Qf3 Ng5 34. Qg2 Rd2 35. Rxc6+ Qxc6 36. Qxd2 Ne4 37. Qe3 Kb8 38. Rc1 Qd6 39. Kh1 Nxg3+ 40. Kg2 Nf5 41. Rd1 Nxe3+ 0-1

[Event "Skakligaen 2025-26"]
[Site "Denmark"]
[Date "2026.01.25"]
[Round "6.1"]
[White "Thybo, Jesper Sondergaard"]
[Black "Skytte, Rasmus"]
[Result "1-0"]
[WhiteElo "2581"]
[BlackElo "2356"]
[EventDate "2025.11.01"]
[EventType "team-tourn"]
[EventRounds "9"]
[EventCountry "DEN"]
[SourceTitle "Holdskaksystemet"]
[WhiteTeam "Hillerod"]
[BlackTeam "Aarhus/Skolerne"]
[WhiteTeamCountry "DEN"]
[BlackTeamCountry "DEN"]

1. Nf3 Nf6 2. c4 g6 3. Nc3 Bg7 4. d4 d6 5. e4 O-O 6. Be2 e5 7. O-O Bg4 8. d5 a5 9. Be3 Na6 10. Nd2 Bxe2 11. Qxe2 Nh5 12. g3 Qe8 13. f3 f5 14. Bf2 Bh6 15. b3 b6 16. Nb5 Nf6 17. Be3 Bxe3+ 18. Qxe3 fxe4 19. fxe4 Qd7 20. Kg2 Nc5 21. Nc3 Kg7 22. h3 h6 23. Rab1 Nh7 24. Nf3 Rf7 25. a3 Qe7 26. b4 Nd7 27. Nb5 Nb8 28. c5 bxc5 29. bxc5 Na6 30. cxd6 cxd6 31. Qb6 1-0

[Event "Skakligaen 2025-26"]
[Site "Denmark"]
[Date "2026.01.25"]
[Round "6.2"]
[White "Sorensen, Jan"]
[Black "Hansen, Sune Berg"]
[Result "1-0"]
[WhiteElo "2360"]
[BlackElo "2506"]
[EventDate "2025.11.01"]
[EventType "team-tourn"]
[EventRounds "9"]
[EventCountry "DEN"]
[SourceTitle "Holdskaksystemet"]
[WhiteTeam "Aarhus/Skolerne"]
[BlackTeam "Hillerod"]
[WhiteTeamCountry "DEN"]
[BlackTeamCountry "DEN"]

1. e4 c5 2. Nf3 g6 3. c3 d5 4. exd5 Qxd5 5. d4 Bg7 6. Nbd2 cxd4 7. Bc4 Qd8 8. Nxd4 Nf6 9. O-O O-O 10. N2f3 Qc7 11. Qe2 Bg4 12. h3 Bxf3 13. Nxf3 Nc6 14. Be3 Na5 15. Bb3 a6 16. Rfd1 Rac8 17. c4 Nh5 18. Bd4 Bxd4 19. Rxd4 Nc6 20. Rd2 Rfd8 21. Rad1 Rxd2 22. Rxd2 Nf6 23. Qe3 Rd8 24. Bd1 Qa5 25. a3 Rxd2 26. Nxd2 Qc7 27. Bf3 Ne5 28. Be2 a5 29. Qc3 b6 30. b4 axb4 31. axb4 Nd5 32. Qb3 Nf4 33. Bf1 Qd6 34. Qe3 Ne6 35. Qc3 Nc6 36. b5 Ncd4 37. Nf3 Nxf3+ 38. Qxf3 Kg7 39. g3 Nd4 40. Qe3 Qc5 41. Qd3 Qe5 42. Kg2 Ne6 43. Kg1 Nc5 44. Qf3 h6 45. Qc6 Qf6 46. Qd5 Ne6 47. Qb7 Nd4 48. Qd5 Nb3 49. Qd8 Nc5 50. Qd5 Qe6 51. Qd4+ Kh7 52. Bg2 Qd7 53. Qf4 Kg7 54. Bd5 Qf5 55. Qc7 Qf6 56. Bc6 Qe6 57. Qxb6 Qxc4 58. Qc7 Qe6 59. Qf4 Qe1+ 60. Kg2 Qc3 61. Bd5 e6 62. Bf3 e5 63. Qh4 Nd3 64. Be4 Nc5 65. Bd5 Qd2 66. Qc4 Nd3 67. Qa2 Qb4 68. Qa7 h5 69. Qxf7+ Kh6 70. Qf6 Kh7 71. b6 Ne1+ 72. Kh2 1-0

[Event "Skakligaen 2025-26"]
[Site "Denmark"]
[Date "2026.01.25"]
[Round "6.3"]
[White "Schandorff, Lars"]
[Black "Christensen, Tobias Bent"]
[Result "1/2-1/2"]
[WhiteElo "2455"]
[BlackElo "2327"]
[EventDate "2025.11.01"]
[EventType "team-tourn"]
[EventRounds "9"]
[EventCountry "DEN"]
[SourceTitle "Holdskaksystemet"]
[WhiteTeam "Hillerod"]
[BlackTeam "Aarhus/Skolerne"]
[WhiteTeamCountry "DEN"]
[BlackTeamCountry "DEN"]

1. Nf3 Nf6 2. g3 g6 3. b3 c5 4. c4 Bg7 5. Bb2 d5 6. cxd5 O-O 7. Bg2 Na6 8. O-O Nb4 9. d3 Nbxd5 10. Nbd2 b6 11. a3 Bb7 12. Qc2 Rc8 13. Rac1 e6 14. Qb1 Bh6 15. b4 cxb4 16. axb4 Nh5 17. Rxc8 Qxc8 18. Nc4 Rd8 19. Bc1 Bg7 1/2-1/2